000
00270nam a22001337a 4500
020
_a
13-978-93-5103-101-7
082
_a
823
_b
SMA/M
100
_a
SHAKESPEARE
245
_a
MACBETH
300
_a
48
650
_a
ENGLISH SHORT STORY
700
_a
SHAKESEARE
942
_c
BK
999
_c
3149
_d
3149